A Two-Dimensional Model-Based Forecast of the Oil and Gas Potential in the Cenozoic Complex of the Sanjiang-Middle Amur Sedimentary Basin; Russian Journal of Pacific Geology; Vol. 16, iss. 5
| Parent link: | Russian Journal of Pacific Geology Vol. 16, iss. 5.— 2022.— [P. 492-502] |
|---|---|
| Autor Principal: | |
| Autor Corporativo: | |
| Outros autores: | , |
| Summary: | Title screen Using 2D spatiotemporal digital models, the prospects for the oil-and-gas potential of Cenozoic deposits in the Sanjiang–Middle Amur Sedimentary Basin was assessed. The results we obtained are evidence that the southwestern Pereyaslavka Graben favors gas generation, whereas the most subsided northeastern part provides favorable conditions for oil and gas generation. In the Cenozoic Complex of the Pereyaslavka Graben, the main hydrocarbon generation sources are the Birofeld and Chernorechensk formations. Cenozoic deposits are currently generating hydrocarbons within the Nongjiang Sag. Режим доступа: по договору с организацией-держателем ресурса |
| Idioma: | inglés |
| Publicado: |
2022
|
| Subjects: | |
| Acceso en liña: | https://doi.org/10.1134/S1819714022050086 |
| Formato: | MixedMaterials Electrónico Capítulo de libro |
| KOHA link: | https://koha.lib.tpu.ru/cgi-bin/koha/opac-detail.pl?biblionumber=668870 |
MARC
| LEADER | 00000naa0a2200000 4500 | ||
|---|---|---|---|
| 001 | 668870 | ||
| 005 | 20250219110637.0 | ||
| 035 | |a (RuTPU)RU\TPU\network\40107 | ||
| 035 | |a RU\TPU\network\36690 | ||
| 090 | |a 668870 | ||
| 100 | |a 20230130d2022 k||y0rusy50 ba | ||
| 101 | 0 | |a eng | |
| 102 | |a RU | ||
| 135 | |a drcn ---uucaa | ||
| 181 | 0 | |a i | |
| 182 | 0 | |a b | |
| 200 | 1 | |a A Two-Dimensional Model-Based Forecast of the Oil and Gas Potential in the Cenozoic Complex of the Sanjiang-Middle Amur Sedimentary Basin |f P. N. Prokhorova, E. P. Razvozzhaeva, V. I. Isaev | |
| 203 | |a Text |c electronic | ||
| 300 | |a Title screen | ||
| 320 | |a [References: 23 tit.] | ||
| 330 | |a Using 2D spatiotemporal digital models, the prospects for the oil-and-gas potential of Cenozoic deposits in the Sanjiang–Middle Amur Sedimentary Basin was assessed. The results we obtained are evidence that the southwestern Pereyaslavka Graben favors gas generation, whereas the most subsided northeastern part provides favorable conditions for oil and gas generation. In the Cenozoic Complex of the Pereyaslavka Graben, the main hydrocarbon generation sources are the Birofeld and Chernorechensk formations. Cenozoic deposits are currently generating hydrocarbons within the Nongjiang Sag. | ||
| 333 | |a Режим доступа: по договору с организацией-держателем ресурса | ||
| 461 | |t Russian Journal of Pacific Geology | ||
| 463 | |t Vol. 16, iss. 5 |v [P. 492-502] |d 2022 | ||
| 610 | 1 | |a электронный ресурс | |
| 610 | 1 | |a труды учёных ТПУ | |
| 610 | 1 | |a 2D modeling | |
| 610 | 1 | |a Cenozoic Complex | |
| 610 | 1 | |a Pereyaslavka Graben | |
| 610 | 1 | |a Nongjiang Sag | |
| 610 | 1 | |a Sanjiang-Middle Amur Sedimentary Basin | |
| 700 | 1 | |a Prokhorova |b P. N. |g Polina Nikolaevna | |
| 701 | 1 | |a Razvozzhaeva |b E. P. |g Elena Petrovna | |
| 701 | 1 | |a Isaev |b V. I. |c geologist |c Professor of Tomsk Polytechnic University, doctor of geological-mineralogical Sciences |f 1952- |g Valery Ivanovich |3 (RuTPU)RU\TPU\pers\32557 | |
| 712 | 0 | 2 | |a Национальный исследовательский Томский политехнический университет |b Инженерная школа природных ресурсов |b Отделение геологии |3 (RuTPU)RU\TPU\col\23542 |
| 801 | 0 | |a RU |b 63413507 |c 20230130 |g RCR | |
| 856 | 4 | |u https://doi.org/10.1134/S1819714022050086 | |
| 942 | |c CF | ||